Random Zoomed-In Flags 1# - Statistics

General Stats
  • This quiz has been taken 28 times
  • The average score is 11 of 15
Answer Stats
Picture Answer % Correct
China
100%
Kyrgyzstan
100%
Sri Lanka
100%
Albania
95%
Fiji
95%
Guatemala
95%
Malawi
95%
Brazil
86%
Solomon Islands
77%
France
73%
Ecuador
55%
Sudan
50%
Dominica
45%
Equatorial Guinea
41%
Norway
36%
No matching quizzes found
Score Distribution
Percent of People with Each Score
Percentile by Number Answered
Your Score History
You have not taken this quiz